Football - Logos des clubs français à l'ancienne #2 - Statistiques

Statistiques générales
  • Ce quiz a été pris 105 fois
    59 depuis la dernière actualisation
  • Le résultat moyen est 11 sur 20
Statistiques - réponses
Par images Hint Réponse % Correct
1981-1989 Lille Olympique SC
98%
1935-1972 Olympique de Marseille
98%
1950-1957 Olympique Lyonnais
95%
1955-1961 FC Nantes
93%
2009-2016 Thonon Evian Grand Genève
91%
1965-1972 Stade Rennais
80%
1978-1984 Red Star
70%
2000-2011 Chamois Niortais
59%
1931-1991 Stade de Reims
59%
1902-2015 Quevilly Rouen
57%
1928-1990 FC Sochaux-Montbéliard
52%
1997-2001 Grenoble foot 38
52%
1932-1960 FC Sète 34
50%
1960-1971 RC Strasbourg Alsace
50%
1990-2000 Havre AC
41%
1968-1978 AS Saint-Étienne
39%
2016-2022 FC Annecy
30%
1976-1978 US Orléans
11%
1971-1990 AC Ajaccio
9%
1984-1990 Amiens SC
5%
Aucun quiz correspondant
Distribution des résultats
% des personnes avec chaque résultat
Percentile par nombre de réponses
Votre historique - résultats
Vous n’avez pas pris ce quiz depuis la dernière actualisation